00498 a2200169 450000100060000002000150000604000220002110000270004324000430007024500410011330000080015436200090016265000240017194200070019595201090020299900170031164028 a8530801768 cAnchieta - Pituba aFeitosa, Vera Cristina10aRedação de textos científicos l10aRedação de textos científicos  a1550 a2001 4aLíngua portuguesa cBK 00104070a91.1b91.1d2023-11-21l0o469 F311r FEI REDp17636/PITr2023-11-21 18:32:27w2023-11-21yBK c64028d64028